Teleworking mení obchod i ľudí

Využívanie teleworkingu v spoločnosti IBM. Podmienky dobrej spolupráce zamestnávateľa so zamestnancom pri teleworkingu. Využívanie komunikačných technológií.

Saved in:
Bibliographic Details
Main Author: Žitňanský, Eduard
Format: Book Chapter
Language:Slovak
Subjects:
Tags: Add Tag
No Tags, Be the first to tag this record!

MARC

LEADER 00000naa a2200000 4500
001 0146935
005 20231113071445.7
041 0 |a slo 
044 |a SK 
245 1 0 |a Teleworking mení obchod i ľudí  |c Eduard Žitňanský 
520 |a Využívanie teleworkingu v spoločnosti IBM. Podmienky dobrej spolupráce zamestnávateľa so zamestnancom pri teleworkingu. Využívanie komunikačných technológií. 
610 2 0 |a práca 
610 2 0 |a zamestnanci 
610 2 0 |a zamestnávatelia 
610 2 0 |a podmienky pracovné 
610 2 0 |a technológie informačné 
610 2 0 |a technológie komunikačné 
100 1 |a Žitňanský, Eduard